| 000 | 00904nam a2200205Ia 4500 | ||
|---|---|---|---|
| 003 | Ost | ||
| 005 | 20260507075406.0 | ||
| 008 | 260507s9999||||xx |||||||||||||| ||und|| | ||
| 040 | _cfsecg | ||
| 041 | _aara | ||
| 082 | _a330 | ||
| 100 |
_aحسن، غادة صالح _eمؤلف |
||
| 245 | 0 |
_aإحصاء سياحي وفندقي / _c غادة صالح حسن |
|
| 260 |
_aالإسكندرية: _bدار الوفاء لدنيا, _c2008 |
||
| 300 |
_a247 صفحة؛ _bإيضاحات ؛ _c24 سم |
||
| 520 | _aمبادئ الإحتمالات، التوزيعات الإحتمالية، المعاينة وتوزيعات المعاينة، نظرية التقدير، إختبارات الفروض، تحليل التباين، تحليل السلاسل الزمنية | ||
| 653 | _aالإحصاء - المعاملات الإرتباطية | ||
| 653 | _aالسياحة- إحصاء | ||
| 942 | _cكتاب | ||
| 999 |
_c44305 _d44305 |
||